Retrouvez qui a dit cette réplique (disney/pixar) #3 - Statistiques

Statistiques générales
  • Ce quiz a été pris 516 fois
    355 depuis la dernière actualisation
  • Le résultat moyen est 5 sur 14
Statistiques - réponses
Hint Réplique Réponse % Correct
4 Génial je souhaite commander la terre fait moi Sultan ! Jafar (Aladdin)
83%
1 Quel danger ? Ha moi j'aime le danger ! Je me ris du danger ! Simba (Le roi lion)
66%
3 Et ça c'est mon petit chez moi. La maison de rêve de Ken. Ken (Toy story 3)
65%
12 Je crois pas avoir demandé le service du réveil Bob ! Sulli (Monstres et cie)
65%
8 Le seul qui est normal ici c'est Jack Jack. Violette (les indestructibles)
58%
2 Vous êtes vous déjà demandé ce qu'il peut bien se passer dans la tête des autres ? Moi je le sais ! Joie (Vice versa)
44%
10 L'amour est le seule remède, l'amour bien sûr, l'amour ! Elsa (La reine des neiges)
38%
5 Ça ne peut être que sans intérêt, triste, ennuyeux à mourrir et complètement... complètement merveilleux. Cendrillon
33%
15 Pauvre nana ? Oh cette fois, s'en est trop ! Dehors ! Dehors j'ai dit ! Monsieur Darling George (Peter pan)
29%
7 Regarde les tous. Voila ou conduit le chemin de la haine et de la violence. Pocahontas
23%
11 Tu dois me jurer que tu ne diras rien à personne ! Crois de bois croix de fer ! Ellie (La haut)
16%
14 Tout est génial à la surface tu vas voir, la marche, l'air... Alberto (Luca)
10%
13 C'est fascinant. Donc ta voix intérieure te conseille pour tout. Buzz (Toy story 4)
10%
9 Oh il me flanque la chair de poule ce poulet Bayonne (Toy story 2)
4%
Aucun quiz correspondant
Distribution des résultats
% des personnes avec chaque résultat
Percentile par nombre de réponses
Votre historique - résultats
Vous n’avez pas pris ce quiz depuis la dernière actualisation